|
|
|
|
| LEADER |
01260nam a22003495i 4500 |
| 001 |
27685 |
| 003 |
BD-DhAAL |
| 005 |
20150208121925.0 |
| 008 |
131020s2013 nyu b 000 0 eng |
| 010 |
|
|
|a 2013936956
|
| 020 |
|
|
|a 9789400711273
|
| 020 |
|
|
|a 9789400711280
|
| 022 |
|
|
|2 2211-1255
|
| 022 |
|
|
|2 2211-1263
|
| 040 |
|
|
|a DLC
|b eng
|c DLC
|e rda
|d DLC
|d BD-DhAAL
|
| 082 |
0 |
4 |
|2 23
|a 631.495492
|
| 999 |
|
|
|c 14059
|d 14059
|
| 999 |
|
|
|c 14059
|
| 100 |
|
|
|a Huq, S. M. Imamul
|9 3413
|
| 245 |
0 |
4 |
|a The soils of Bangladesh /
|c S. M. Imamul Huq, Jalal Uddin Md. Shoaib
|
| 260 |
|
|
|a Dordrecht :
|b Springer,
|c 2013
|
| 263 |
|
|
|a 1304
|
| 300 |
|
|
|a xiii, 165 p. :
|b illustrations (black and white, and colour), maps (colour) ;
|c 29 cm.
|
| 490 |
|
|
|a World soils book series,
|x 2211-1255
|
| 504 |
|
|
|a Includes bibliographical references and index.
|
| 541 |
|
|
|e 27685
|
| 650 |
|
|
|a Soils
|z Bangladesh.
|9 3414
|
| 650 |
|
|
|a Soil mapping
|z Bangladesh.
|9 3415
|
| 650 |
|
|
|a Soil fertility
|z Bangladesh.
|9 3416
|
| 700 |
|
|
|a Shoaib, Jalaluddin Md.
|9 3417
|
| 942 |
|
|
|2 ddc
|c BK
|
| 952 |
|
|
|0 0
|1 0
|2 ddc
|4 0
|6 631_495492000000000_HUQ
|7 0
|9 23596
|a BRACUL
|b BRACUL
|c GEN
|d 2013-10-20
|e Karim International
|g 9130.00
|l 1
|m 1
|o 631.495492 HUQ
|p 3010027685
|r 2013-11-21
|s 2013-11-17
|t 1
|w 2013-10-20
|y BK
|